Rainbow Six Sudden Death - Statistics

General Stats
  • This quiz has been taken 1,502 times
  • The average score is 2 of 10
Answers on the Grid
Answers color-coded by a green-red scale on the quiz's grid according to % correct below.
There is an operator from North Korea
The operator Sledge is a 3 Speed
The map Kanal has the most floors
There are four Squads in Rainbow
The operator Bandit has an ACOG on his MP7
There was an operator from Brazil on launch
The operator Ela is a part of rainbow
Sledge and Thatcher are brothers
Kali has the highest scope zoom in the game
the operator Thorn is a defender
The highest level in game is 500
There are three core gamemodes
there are 80 operators in game (at the time this was made)
There are 5 shield operators in the game
The newest map is Lair
There have been two "Six's" in the games lifetime
The operator ash has flashbangs in her loadout
The map Chalet Takes place in Canada
The most recent defender is Skopos
Redhammer is led by Thermite
 
Answer Stats
Answer % Correct
Vigil is from North Korea There is an operator from North Korea
76%
She has a 5x-12x zoom, glaz is second highest at 5x Kali has the highest scope zoom in the game
29%
Yes she is the operator Thorn is a defender
26%
The defense's most recent operator is Skopos The most recent defender is Skopos
22%
Redhammer, ghosteyes, viperstrike, wolfguard There are four Squads in Rainbow
22%
Lair released in year 8 Season 4 The newest map is Lair
18%
Bomb, Hostage, and Secure area are the three gamemodes There are three core gamemodes
16%
Clash, Blitz, Montagne, Fuze, and BlackBeard are all shield operators There are 5 shield operators in the game
15%
Yes, the squad Redhammer is led by Thermite Redhammer is led by Thermite
10%
Aurelia Arnot, and Dr. Harishva "Harry" Pandey are the only Two six's There have been two "Six's" in the games lifetime
8%
No matching quizzes found
Score Distribution
Percent of People with Each Score
Percentile by Number Answered
Your Score History
You have not taken this quiz